Super Heroes by True Identity - Statistics

General Stats
  • This quiz has been taken 175 times
    106 since last reset
  • The average score is 13 of 15
Answer Stats
Secret Identity Super Hero % Correct
Bruce Banner Hulk
100%
Tony Stark Iron Man
100%
Peter Parker Spiderman
100%
Clark Kent Superman
100%
Bruce Wayne Batman
99%
Steven Rogers Captain America
99%
Natalia Romanova Black Widow
92%
Diana Prince Wonder Woman
92%
Steven Strange Doctor Strange
91%
Barry Allen The Flash
91%
Clint Barton Hawkeye
85%
Hal Jordan Green Lantern
78%
Oliver Queen Green Arrow
74%
James Howlett The Wolverine
43%
John Jones Martian ManHunter
38%
No matching quizzes found
Score Distribution
Percent of People with Each Score
Percentile by Number Answered
Your Score History
You have not taken this quiz since the last reset